000 01175nam a2200313 i 4500
003 DO-SdBNP
005 20230804135545.0
006 a||||br|||| 00| 0
007 ta
008 230731e1977 dr a|||| |||| 00| 0 spa d
040 _aDO-SdBNP
_bspa
_cBNPHU
_erda
082 4 _222
_bL791di
100 _aLlaverías, Germesinda,
_eautora
_983877
245 1 0 _aDiploma 4º grado :
_bciencias sociales. /
_ccorrección y adaptación: Germesinda llaverías, Luisa Rodríguez, Geraldo a. Rubiera; fotógrafo: Pedro A. Frías
246 1 1 _aDiploma cuarto grado:
_bciencias sociales.
264 1 _aSanto Domingo :
_bDisesa,
_bSantillana,
_c1977
_c©1974
300 _a102 páginas :
_bIlustraciones ;
_c26 cm
336 _2rdacontent
_atexto
_btxt
337 _2rdamedia
_asin medición
_bn
338 _2rdacarrier
_avolumen
_bnc
490 _aEl Árbol Alegre
490 _aMaterial Didáctico para la Educación Primaria
590 _aInventariado 2023 / MF
700 1 _aLlaverías, Germesinda
_983877
_eautora
700 1 _aRodríguez, Luisa
_976256
_eautora
700 1 _aRubiera, Geraldo A.
_983878
_eautor
700 1 _aFrías, Pedro A.,
_efotógrafo
_983879
942 _2ddc
_cLBS1
999 _c54275
_d54275